FIFA Frauen Weltrangliste - Statistiken

Allgemein
  • Dieses Quiz wurde 1.687 mal gespielt
    105 seit der letzten Aktualisierung
  • Das Durchschnittsergebnis liegt bei 25 aus 30
Antwortstatistiken
Rang Punkte Team % Korrekt
1. 2094 Spanien
100%
3. 2010 Deutschland
99%
4. 2009 England
98%
2. 2057 Vereinigte Staaten
98%
7. 1992 Frankreich
96%
5. 1993 Schweden
96%
12. 1878 Norwegen
95%
13. 1875 Italien
93%
10. 1940 Kanada
92%
25. 1732 Schweiz
91%
6. 1993 Brasilien
90%
8. 1977 Japan
89%
11. 1908 Niederlande
89%
15. 1840 Australien
88%
22. 1744 Portugal
88%
17. 1798 China
87%
14. 1857 Dänemark
87%
19. 1781 Österreich
87%
24. 1732 Polen
87%
30. 1674 Argentinien
86%
18. 1788 Belgien
85%
29. 1696 Mexiko
84%
23. 1735 Finnland
79%
27. 1724 Irland
74%
21. 1773 Südkorea
74%
16. 1807 Island
66%
28. 1712 Russland
66%
20. 1774 Kolumbien
63%
26. 1725 Schottland
58%
9. 1944 Nordkorea
47%
Keine übereinstimmenden Quizze gefunden
Verteilung der Resultate
Anzahl Personen mit jedem Resultat
Perzentil nach korrekt beantworteten Fragen
Ihre Resultats-Entwicklung
Sie haben dieses Quiz seit der letzten Aktualisierung nicht gespielt